000 00479cam a2200193ua 4500
001 8974
008 150219n ii |||gr||||Z||||||asm
040 _cMAIN
041 _aasm
082 _a891.2
100 _aGoswami, H. D.,
_eAuthor.
245 1 _aSanskrit sahityar buranji
_cBy H. D. Goswami
250 _a1st.
260 _aGuwahati:
_bBook,
_c1977.
300 _a212p.
653 _aEast Indo-European & Celtic literatures
653 _aSanskrit literature
942 _cBK
999 _c8067
_d8067